LEADER 00821nam a2200169 i 4500 001 000000242023 003 CaOOAMICUS 005 20150526000000.0 008 150526s1834 it u000 u fre u 013 $a220928 040 $aSeMil$bita 245 10$aConférences et discours synodauxsur les principaux devoirs des ecclésiastiques, Instructions et mandements. 2. 300 $a404 p. 773 0 $aMassillon, Jean-Baptist $tOeuvres complètes de Massillon, évêque de Clermont.$dA Paris : Chez Gauthier frères et C., 1834.$g11$w()31928 850 $aSeMil 852 $aSeMil$W1$xVenegono$y1$m3F II 16 FA$j192369$B192369$CSeMilBibl$Z2$F203195 $8I 996 $6245$aConférences et discours synodauxsur les principaux devoirs des ecclésiastiques, Instructions et mandements. 2$9(OLS)http://semarc/title/343801 LEADER 00987nam a2200241 i 4500 001 000000126250 003 CaOOAMICUS 005 20040513000000.0 008 040513s1988 it u000 u ita u 013 $a98953 020 $a88-403-6018-2 040 $aSeMil$bita 245 13$aLa seconda guerra mondiale :$bBerlino ultimo atto /$ca cura di Claude Bertin. 260 $aLa Spezia :$bFratelli Melita,$c1988. 300 $a249 p. ;$c22 cm. 650 4$aGuerra mondiale <1939-1945> - Germania.$0(OLS)http://semarc/subject/1212 700 1 $aBertin, Claude.$0(OLS)http://semarc/name/52463 850 $aSeMil 852 $aSeMil$W1$xVenegono$y1$m201 2 *$j80636$B80636$CSeMilBibl$Z2$F82943 $81 961 $aLascito: Luzzini don Angelo 996 $6020$a88-403-6018-2$9(OLS)http://semarc/number/112361 996 $6245$aLa seconda guerra mondiale :$bBerlino ultimo atto$9(OLS)http://semarc/title/186078 996 $6260$aLa Spezia :$bFratelli Melita$9(OLS)http://semarc/publisher/31549